| 000 | 00990cam a22002054a 4500 | ||
|---|---|---|---|
| 005 | 20250605164043.0 | ||
| 008 | 250528s ||||||||||||||||||||||||d | ||
| 035 | _a17033 | ||
| 020 | _a415082560 | ||
| 040 |
_aGR-AtMCL _bgre _dGR-AtMCL _eAACR2 |
||
| 245 | 1 | _aNietzsche, Feminism and Political Theory | |
| 250 | _a1st | ||
| 260 |
_bRouledge, _c1993 |
||
| 300 | _a250 | ||
| 520 | _aThis collection comprises twelve outstanding essays on Nietzsche's philosophy. Notes on Contributors, Introduction, Nietzsche and the Pathos of Distance, Nietzsche and Woman and Political Theory, Nietzsche and the Stomach for Knowledge, Not Drawing and Sailing, Speaking of Immemorial Waters, Das Web an Sick, Ressentiment and Power, Politics and the Concept of Power in Hobbes and Nietzsche, The Return of Nietzsche and Marx, Child of the English Genealogists, The Postmodern Politicization of Nietzsche, Index. | ||
| 700 | 1 |
_aPatton Paul _93165 |
|
| 942 | _cBK | ||
| 999 |
_c2473 _d2473 |
||